书目信息 |
| 题名: |
中国可持续发展管理理论与实践
|
|
| 作者: | 魏一鸣 , 傅小锋 , 陈长杰 编著 | |
| 分册: | ||
| 出版信息: | 北京 科学出版社 2005 |
|
| 页数: | 248页 | |
| 开本: | 24cm | |
| 丛书名: | ||
| 单 册: | ||
| 中图分类: | X22 | |
| 科图分类: | ||
| 主题词: | 可持续性发展--管理--研究--中国 , 可持续性发展 , 管理 | |
| 电子资源: | ||
| ISBN: | 7-03-015110-0 | |
| 000 | 01076nam0 2200289 450 | |
| 001 | 002847321 | |
| 005 | 20070805150422.95 | |
| 010 | @a7-03-015110-0@b精装@dCNY36.00 | |
| 035 | @a002847321 | |
| 100 | @a20050221d2005 em y0chiy0110 ea | |
| 101 | 0 | @achi |
| 102 | @aCN@b110000 | |
| 105 | @aa z 000yy | |
| 106 | @ar | |
| 200 | 1 | @a中国可持续发展管理理论与实践@Azhong guo ke chi xu fa zhan guan li li lun yu shi jian@f魏一鸣,傅小锋,陈长杰编著@Fwei yi ming, fu xiao feng, chen chang jie bian zhu |
| 210 | @a北京@c科学出版社@d2005@c图 | |
| 215 | @a248页@d24cm | |
| 330 | @a本书应用复杂系统理论,从定性与定量综合集成思想体系出发,以可持续发展复杂系统为主线,以系统科学和管理科学理论、方法为基础,以科学数据信息共享工程为背景,开展中国可持续发展管理问题的研究。 | |
| 606 | 0 | @a可持续性发展@x管理@x研究@y中国 |
| 606 | 0 | @a可持续性发展 |
| 606 | 0 | @a管理 |
| 690 | @aX22@v4 | |
| 701 | 0 | @a魏一鸣@Awei yi ming@f(1968~)@4编著 |
| 701 | 0 | @a傅小锋@Afu xiao feng@4编著 |
| 701 | 0 | @a陈长杰@Achen chang jie@4编著 |
| 801 | 0 | @aCN@bNLC@c20070805 |
| 905 | @dX22@e112@f3 | |
| 中国可持续发展管理理论与实践/魏一鸣,傅小锋,陈长杰编著.-北京:科学出版社,2005:图 |
| 248页;24cm |
| ISBN 7-03-015110-0(精装):CNY36.00 |
| 本书应用复杂系统理论,从定性与定量综合集成思想体系出发,以可持续发展复杂系统为主线,以系统科学和管理科学理论、方法为基础,以科学数据信息共享工程为背景,开展中国可持续发展管理问题的研究。 |
| ● |
| 相关链接 |
|
|
|
|
正题名:中国可持续发展管理理论与实践
索取号:X22/112
 
预约/预借
| 序号 | 登录号 | 条形码 | 馆藏地/架位号 | 状态 | 备注 |
| 1 | 0852730 | 208527307 | 第二样本阅览室/ [索取号:X22/112] | 在馆 | |
| 2 | 0852731 | 208527316 | 第三借阅区/ [索取号:X22/112] | 在馆 | |
| 3 | 0852732 | 208527325 | 第三借阅区/ [索取号:X22/112] | 在馆 |